Biomechanika a technika plaveckých spôsobov /

Na minha lista:
Detalhes bibliográficos
Main Authors: Macejková, Iveta (Author), Hlavatý, Rastislav, 1972- (Author)
Formato: Livro
Idioma:eslovaco
Publicado em: Bratislava : FTVŠ, 1996
Assuntos:
Tags: Adicionar Tag
Sem tags, seja o primeiro a adicionar uma tag!

MARC

LEADER 00000nam a22000003a 4500
001 stu41548
005 20260224160534.4
008 961004s1996----cs------------------slo-d
020 |a 80-967456-2-X 
040 |a STU  |b slo 
041 0 |a slo 
044 |a cs 
080 |a 797.212 
100 1 |a Macejková, Iveta  |4 aut  |u C0340  |U FCHPT Fakulta chemickej a potravinárskej technológie  |T FCHPT Oddelenie telesnej výchovy a športu  |U C0340  |Y 132 
245 1 |a Biomechanika a technika plaveckých spôsobov /  |c [aut.]Yvetta Macejková, Rastislav Hlavatý 
260 |a Bratislava :  |b FTVŠ,  |c 1996 
300 |a 55 s 
650 7 |a plávanie  |2 stusub 
650 7 |a biomechanika  |2 stusub 
650 7 |a technika  |2 stusub 
700 1 |a Hlavatý, Rastislav,  |d 1972-  |4 aut  |u M340  |U MTF Ústav inžinierskej pedagogiky a humatitných vied  |T MTF Katedra telesnej výchovy a športu  |X 1477  |U M340  |Y M340  |7 A000001477 
996 |b 284M070825  |c M*Z-1021  |l MMST  |s P  |a 0  |w stu41548_0001